000 04167cam a22013214i 4500
003 PE-LiUPU
005 20250813185346.0
008 150617s1970 sp r 000 0 spa d
020 _a8403230443
020 _a9788403230446
035 _a(Sirsi) i9788403230446
040 _aPE-LiUPU
_bspa
_cPE-LiUPU
_dPE-LiUPU
_erda
049 _aPRUA
082 0 4 _a372.41
_bD88
_221
100 1 _aDoman, Glenn J.,
_eautor.
245 1 0 _aCómo enseñar a leer a su bebé /
_cGlenn J. Doman.
264 1 _aMadrid :
_bAguilar,
_c1970.
300 _a115 páginas ;
_c21 centímetros.
336 _atext
_2rdacontent
337 _aunmediated
_2rdamedia
338 _avolume
_2rdacarrier
490 0 _aColección Psicología y Educación
505 0 _aTommy y los hechos -- Los pequeñuelos quieren aprender a leer -- Los pequeñuelos pueden aprender a leer -- Los pequeñuelos están aprendiendo a leer -- Los pequeñuelos deben aprender a leer -- ¿Quién tiene problemas: el que sabe leer o el que no sabe? -- Cómo enseñar a leer a su bebé -- Sobre todo, con alegría.
526 _aP202
526 _aP201
526 _aP163
526 _aP162
526 _aP161
526 _aP160
526 _aP148
526 _aP147
526 _aP146
526 _aP145
526 _aP144
526 _aP143
526 _aP142
526 _aP141
526 _aP140
526 _aP139
526 _aP138
526 _aP137
526 _aP136
526 _aP135
526 _aP134
526 _aP133
526 _aP129
526 _aP128
526 _aP127
526 _aP120
526 _aP119
526 _aP118
526 _aP116
526 _aP115
526 _aP114
526 _aP110
526 _aP109
526 _aP108
526 _aP104
526 _aP103
526 _aP102
526 _aP99
526 _aP98
526 _aP97
526 _aP96
526 _aP95
526 _aP93
526 _aP90
526 _aP89
526 _aP88
526 _aP83
526 _aP82
526 _aP62
526 _aP59
526 _aP58
526 _aP57
526 _aP51
526 _aP49
526 _aP48
526 _aP47
526 _aP29
526 _aP24
526 _aP20
526 _aP19
526 _aP17
526 _aP15
526 _aP14
526 _aP12
526 _aP10
526 _aP09
526 _aP08
526 _aP07
526 _aP06
526 _aP05
526 _aP04
526 _aP01
650 0 4 _aNiños
_xEducación.
910 _ajck
_bjvq
_cjck
_d20150616
910 _adbm
_bksl
_cksl
_d20190708
942 _2ddc
_cBOOK
949 _a372.41 D88
_wDEWEY
_c1
_i25080
_d2015-9-10
_e2015-8-20
_lCCODEBUL1
_mBUL
_n2
_r0
_sY
_tBOOK
_u2015-6-17
_xEDUCACION
_zUNKNOWN
_0COMPRA
_o.STAFF. Colección Ciencias Humanas y Educación
949 _a372.41 D88
_wDEWEY
_c2
_i26343
_lCCODEBUL1
_mBUL
_r0
_sY
_tBOOK
_u2015-6-17
_xEDUCACION
_zUNKNOWN
_0COMPRA
_o.STAFF. Colección Ciencias Humanas y Educación
949 _a372.41 D88
_wDEWEY
_c3
_i25081
_lCCODEBUL1
_mBUL
_r0
_sY
_tBOOK
_u2015-6-17
_xEDUCACION
_zUNKNOWN
_0COMPRA
_o.STAFF. Colección General
994 _aC0
_bPEPRU
596 _a1
999 _a372.41 D88
_wDEWEY
_c17029
_i25080
_d17029
_e2015-8-20
_f2021-11-8
_g5
_lCCODEBUL1
_mBUL
_n2
_p15.00
_r0
_sY
_tBOOK
_u2015-6-17
_xEDUCACION
_zUNKNOWN
_0COMPRA
_o.STAFF. Colección Ciencias Humanas y Educación
999 _a372.41 D88
_wDEWEY
_c2
_i26343
_d2019-7-31
_e2019-7-31
_f2021-11-8
_g5
_lCCODEBUL1
_mBUL
_n10
_q1
_r0
_sY
_tBOOK
_u2015-6-17
_xEDUCACION
_zUNKNOWN
_0COMPRA
_o.STAFF. Colección General
999 _a372.41 D88
_wDEWEY
_c3
_i25081
_f2021-11-8
_g6
_lCCODEBUL1
_mBUL
_p15.00
_r0
_sY
_tBOOK
_u2015-6-17
_xEDUCACION
_zUNKNOWN
_0COMPRA
_o.STAFF. Colección General
999 _a372.41 D88
_wDEWEY
_c4
_i80268
_f2021-11-8
_g3
_lCCODEBUL1
_mBUL
_p15.00
_r0
_sY
_tBOOK
_u2019-7-8
_xEDUCACION
_zUNKNOWN
_0COMPRA
_o.STAFF. Colección Ciencias Humanas y Educación
980 _81
_gALBERTO SANCHEZ Responsable de Automatización